000 00998nam a2200217 a 4500
005 20161010170200.0
008 161010t ck a||||r|||| 00| 0 spa d
040 _aCO-BoIAVH
_cCO-BoIAVH
041 0 _aspa
044 _ack
090 _aFG-
_b0062
245 0 0 _aGuia del usuario :
_bHerramienta de planificación y monitoreo en predios forestales de la Orinoquia colombiana /
260 _aBogotá?, Colombia :
_bGEF :
_bPNUD,
_c[s.f.].
300 _a1 plegable (17 páginas) :
_bilustraciones a color ;
_c23 x 16 cm.
500 _aConservación de la biodiversidad en predios productivos.
650 2 6 _aRecursos forestales
_xGestión
_zColombia
_zOrinoquia (Región)
_vGuías
650 2 6 _aRecursos forestales
_xmonitoreo
_zColombia
_zOrinoquia (Región)
_vGuías
650 2 6 _aRecursos forestales
_xPlanificación
_zColombia
_zOrinoquia (Región)
_vGuías
650 2 6 _aRecursos forestales
_xPlantaciones
_zColombia
_zOrinoquia (Región)
_vGuías
942 _2z
_cFolleto
999 _c19075
_d19075